[Event "Barcelona Sant Marti op 05th"]
[Site "Barcelona"]
[Date "2003.05.24"]
[Round "5.11"]
[White "Calle, Albert"]
[Black "Ruiz Planas, Adelito"]
[Result "1-0"]
[WhiteElo "1925"]
[BlackElo "2130"]
[PlyCount "77"]
[EventDate "2003.04.26"]
[EventType "swiss"]
[EventRounds "9"]
[EventCountry "ESP"]
[SourceTitle "EXT 2004"]
[Source "ChessBase"]
[SourceDate "2003.11.25"]
[SourceVersion "1"]
[SourceVersionDate "2003.11.25"]
[SourceQuality "1"]

1. e4 c5 2. Nf3 e6 3. d3 d5 4. Nc3 d4 5. Nb1 Nc6 6. g3 Nf6 7. Bg2 e5 8. 0-0 Be7 9. Nbd2 Qc7 10. c4 0-0 11. Ng5 h6 12. Nh3 Bg4 13. f3 Bd7 14. a3 Nh7 15. f4 f5 16. exf5 Bxf5 17. Ne4 Qd7 18. Nhf2 Rf7 19. Bd2 Raf8 20. Qe2 Kh8 21. fxe5 Nxe5 22. Nxc5 Bxc5 23. Qxe5 b6 24. Be4 Bd6 25. Qxd4 Bh3 26. Bg2 Rxf2 27. Rxf2 Rxf2 28. Qxf2 Nf6 29. Bxh3 Qxh3 30. Bc3 Ng4 31. Qg2 Qh5 32. Re1 Ne5 33. Qa8+ Kh7 34. Qe4+ Ng6 35. b4 Qh3 36. Qb7 Bf8 37. Re8 Qg4 38. Qe4 Qd1+ 39. Be1 1-0

[Event "Barcelona Sant Marti op 05th"]
[Site "Barcelona"]
[Date "2003.05.17"]
[Round "4.16"]
[White "Calle, Albert"]
[Black "Quintana Ortiz, Joaquin"]
[Result "1/2-1/2"]
[WhiteElo "1925"]
[BlackElo "1990"]
[PlyCount "75"]
[EventDate "2003.04.26"]
[EventType "swiss"]
[EventRounds "9"]
[EventCountry "ESP"]
[SourceTitle "EXT 2004"]
[Source "ChessBase"]
[SourceDate "2003.11.25"]
[SourceVersion "1"]
[SourceVersionDate "2003.11.25"]
[SourceQuality "1"]

1. e4 c5 2. Nf3 Nc6 3. d4 cxd4 4. Nxd4 Nf6 5. Nc3 e5 6. Ndb5 d6 7. a4 a6 8. Na3 Be6 9. Bg5 Rc8 10. Bc4 Be7 11. Bxf6 Bxf6 12. Bd5 0-0 13. 0-0 Qd7 14. Nc4 Qe7 15. Nb6 Rc7 16. Ba2 Bxa2 17. Rxa2 Qe6 18. Ncd5 Ne7 19. b3 Rc5 20. c4 Nxd5 21. Nxd5 Bg5 22. Qd3 f5 23. f3 b5 24. axb5 axb5 25. cxb5 fxe4 26. fxe4 Rxf1+ 27. Qxf1 h6 28. Ra8+ Kh7 29. b6 Rc1 30. Qxc1 Bxc1 31. b7 Qg4 32. h3 Qxe4 33. b8Q Qxd5 34. Qh8+ Kg6 35. Qe8+ Kh7 36. Qh8+ Kg6 37. Qe8+ Kh7 38. Qh8+ 1/2-1/2